000
00335nam a22001577a 4500
003
SGT
020
_a
9789353065591
082
_a
616.89,BUT
100
_a
BUTCHER, JAMES .N
245
_a
ABNORMAL PSYCHOLOGY
250
_a
17TH
260
_a
NOIDA
_b
PEARSON
_c
2017
300
_a
883
650
_a
PSYCHOLOGY
942
_2
ddc
_c
BK
_0
207
999
_c
19384
_d
19384